Centroamericanos redefiniendo las fronteras. Central Americans redefining the borders
Se argumenta que las remesas han sido analizadas desde los lentes financieros y monetarizadas, al hacerlo de esta manera quedan por fuera las relaciones sociales y patriarcales que destruyen o construyen, la micro - política familiar que determinan, la reducción del Estado que fomentan, este artícul...
Guardado en:
| 主要作者: | |
|---|---|
| 格式: | 未知 |
| 出版: |
Managua:
ENVIO
|
| 主題: | |
| 標簽: |
添加標簽
沒有標簽, 成為第一個標記此記錄!
|
MARC
| LEADER | 00000 a2200000 04500 | ||
|---|---|---|---|
| 001 | 38909 | ||
| 003 | |||
| 008 | 991231s d | ||
| 040 | |||
| 090 | |a 1001 R675c | ||
| 100 | |a Rocha, José Luis | ||
| 245 | |a Centroamericanos redefiniendo las fronteras. Central Americans redefining the borders | ||
| 260 | |a Managua: |b ENVIO | ||
| 300 | |a 353 p. | ||
| 520 | |a Se argumenta que las remesas han sido analizadas desde los lentes financieros y monetarizadas, al hacerlo de esta manera quedan por fuera las relaciones sociales y patriarcales que destruyen o construyen, la micro - política familiar que determinan, la reducción del Estado que fomentan, este artículo es una lectura que intenta rescatar dichas facetas del fenómeno en cuestión | ||
| 650 | |a REMESAS | ||
| 650 | |a ASPECTOS SOCIALES | ||
| 650 | |a PARTICIPACION DEL ESTADO | ||
| 650 | |a CONSECUENCIAS ECONOMICAS | ||
| 650 | |a AMERICA CENTRAL | ||
| 999 | |c 11584 |d 11584 | ||
